U.E 6.2 S3 Anglais partie 1 - Statistiques

Statistiques générales
  • Ce quiz a été pris 347 fois
  • Le résultat moyen est 31 sur 80
Statistiques - réponses
Hint Réponse % Correct
Santé Health
90%
To be in good health être en bonne santé
85%
the pain la douleur
85%
drink boire
72%
doctor docteur
71%
hôpital hospital
71%
to be contagious être contagieux
70%
infirmier(ère) nurse
68%
to urinate uriner
68%
to wash laver
66%
allergie allergy
65%
gloves gants
65%
pillow oreiller
63%
diarrhea diarrhée
62%
fever fièvre
62%
To take care prendre soin
59%
haemorrhage hémorragie
56%
douche shower
56%
Maladie disease
54%
height taille
54%
maternity home maternité
53%
a cut coupure
52%
to be injured être blessé
52%
injection injection
52%
headache mal de tête
52%
enceinte pregnant
52%
poids weight
52%
brulure burn
49%
blood test/ blood sample prise de sang
49%
to be weak être faible
48%
cathéter catheter
47%
depression dépression
47%
to be painful être douloureux
47%
fumer to smoke
47%
a needle une aiguille
46%
broken bone fracture
44%
urinary catheter sonde urinaire
44%
fauteuil roulant wheelchair
43%
plaie/blessure a wound
41%
constipation constipation
40%
pulse pouls
39%
pills pilules
32%
plaster plâtre
31%
couverture blanket
30%
retirement home maison de retraite
30%
saigner to bleed
30%
serviette towel
30%
un antalgique a painkiller
29%
wound blessure
29%
the surgeon un chirurgien
27%
un service a departement
26%
une seringue a syringe
26%
saignement bleeding
26%
tousser to cough
26%
stomach ache mal d'estomac
23%
tension blood pressure
22%
une entorse a sprain
21%
the operating theatre le bloc opératoire
21%
pansement dressing
20%
bedside table adaptable
18%
vertiges dizziness
18%
a scratch une égratignure
16%
a drip une perfusion
16%
médicaments medicines
15%
être nauséeux to be nauseous
15%
sonnette call button
14%
service d'urgence emergency departement
14%
pad protection
13%
aide-soignant(e) auxiliary nurse
12%
le pharmacien the chimist
12%
retirer to remove
12%
souffrir de to suffer from
12%
intensive care departement Unité de soins intensifs
11%
se blesser to hurt one self
10%
vomissement vomits
9%
douleur chronique constant pain
8%
to insert poser
8%
anesthésie anaesthesia
7%
la radiologie the radiologie departement
5%
soigner to treat
5%
Aucun quiz correspondant
Distribution des résultats
% des personnes avec chaque résultat
Percentile par nombre de réponses
Votre historique - résultats
Vous n’avez pas pris ce quiz